ՀՀ Գիտությունների ազգային ակադեմիայի հիմնարար գիտական գրադարան  =   Fundamental Scientific Library of NAS RA

Взлет : (Record no. 508647)

MARC details
000 -LEADER
fixed length control field 00823nam a2200205 a 4500
003 - CONTROL NUMBER IDENTIFIER
control field AM-YEHGA
001 - CONTROL NUMBER
control field 1424738
005 - DATE AND TIME OF LATEST TRANSACTION
control field 20250617163550.0
008 - FIXED-LENGTH DATA ELEMENTS--GENERAL INFORMATION
fixed length control field 181122s1961 ru a||||r|||||000|1|rus||
040 ## - CATALOGING SOURCE
Original cataloging agency AM-YeHGA
041 1# - LANGUAGE CODE
Language code of text/sound track or separate title rus
Language code of original geo
090 ## - LOCALLY ASSIGNED LC-TYPE CALL NUMBER (OCLC); LOCAL CALL NUMBER (RLIN)
-- 512093
100 1# - MAIN ENTRY--PERSONAL NAME
Personal name Бежанишвили, Ростом Титикович
245 10 - TITLE STATEMENT
Title Взлет :
Remainder of title Повести и рассказы : Авторизованный перевод с грузинского /
Statement of responsibility, etc. Ростом Бежанишвили ; [Ил. : Е. Е. Лансерс].
260 ## - PUBLICATION, DISTRIBUTION, ETC.
Place of publication, distribution, etc. Москва :
Name of publisher, distributor, etc. Сов. писатель,
Date of publication, distribution, etc. 1961.
300 ## - PHYSICAL DESCRIPTION
Extent 184 с. :
Other physical details ил. ;
Dimensions 21 см.
650 14 - SUBJECT ADDED ENTRY--TOPICAL TERM
Topical term or geographic name entry element Грузинская художественная литература
General subdivision Проза
700 1# - ADDED ENTRY--PERSONAL NAME
Personal name Лансерс, Е. Е.
Relator term ил.
Relationship ill
942 ## - ADDED ENTRY ELEMENTS (KOHA)
Source of classification or shelving scheme Universal Decimal Classification
Koha item type Գրքեր / Books
Holdings
Withdrawn status Lost status Damaged status Not for loan Collection Home library Current library Date acquired Total checkouts Full call number Barcode Date last seen Price effective from Koha item type Public note Source of classification or shelving scheme
        General Fundamental Scientific Library Fundamental Scientific Library 31/05/2021   РII/52351 FL0646527 31/05/2021 31/05/2021 Գրքեր / Books 30 Days Loan  
        General Fundamental Scientific Library Fundamental Scientific Library 29/07/2021   РII/57865 FL0655210 29/07/2021 29/07/2021 Գրքեր / Books 30 Days Loan Universal Decimal Classification


ՀՀ ԳԱԱ հիմնարար գիտական գրադարան
ՀՀ,Երևան 0019
Մարշալ Բաղրամյան 24/6
հեռախոս:(374-10) 52-47-50
Հետադարձ կապ

All site content, except where otherwise noted, is licensed under a
Creative Commons License